书目信息 |
| 题名: |
环绕声系统与家庭影院
|
|
| 作者: | 沈hao , 韩秀苓 , 王以真 编著 | |
| 分册: | ||
| 出版信息: | 北京 北京工业大学出版社 2001.01 |
|
| 页数: | 229页 | |
| 开本: | 26cm | |
| 丛书名: | ||
| 单 册: | ||
| 中图分类: | TN912.271 | |
| 科图分类: | ||
| 主题词: | 立体声技术--li ti sheng ji shu--音频设备--基本知识 , 家庭影院--jia ting ying yuan--基本知识 | |
| 电子资源: | ||
| ISBN: | 7-5639-0894-3 | |
| 000 | 01124nam0 2200289 450 | |
| 001 | 012008422452 | |
| 005 | 20080617174208.29 | |
| 010 | @a7-5639-0894-3@dCNY23.00 | |
| 100 | @a20080617d2001 em y0chiy0120 ea | |
| 101 | 0 | @achi |
| 102 | @aCN@b110000 | |
| 105 | @aak a 000yy | |
| 106 | @ar | |
| 200 | 1 | @a环绕声系统与家庭影院@Ahuan rao sheng xi tong yu jia ting ying yuan@f沈hao, 韩秀苓, 王以真编著@Fshen hao,han xiu ling,wang yi zhen bian zhu |
| 210 | @a北京@c北京工业大学出版社@d2001.01 | |
| 215 | @a229页@c图@d26cm | |
| 300 | @ahao=左(山)+右(豪) | |
| 320 | @a有书目 (第229页) | |
| 330 | @a本书内容包括:听觉特性和音质、数字音响基础、多通路立体声系统、电影院杜比立体声技术、人工混响技术、环绕声系统、家庭影院、家庭影院音像节目源设备、家庭影院系统的组成、家庭影院展望。 | |
| 606 | 0 | @a立体声技术@Ali ti sheng ji shu@x音频设备@x基本知识 |
| 606 | 0 | @a家庭影院@Ajia ting ying yuan@x基本知识 |
| 690 | @aTN912.271@v4 | |
| 701 | 0 | @a沈hao@Ashen hao@4编著 |
| 701 | 0 | @a韩秀苓@Ahan xiu ling@4编著 |
| 701 | 0 | @a王以真@Awang yi zhen@4编著 |
| 801 | 0 | @aCN@bQSSK@c20080617 |
| 905 | @b728006-07@dTN912.271@eS396@f2 | |
| 环绕声系统与家庭影院/沈hao, 韩秀苓, 王以真编著.-北京:北京工业大学出版社,2001.01 |
| 229页:图;26cm |
| hao=左(山)+右(豪) |
| ISBN 7-5639-0894-3:CNY23.00 |
| 本书内容包括:听觉特性和音质、数字音响基础、多通路立体声系统、电影院杜比立体声技术、人工混响技术、环绕声系统、家庭影院、家庭影院音像节目源设备、家庭影院系统的组成、家庭影院展望。 |
| ● |
| 相关链接 |
|
|
|
正题名:环绕声系统与家庭影院
索取号:TN912.271/S396
 
预约/预借
| 序号 | 登录号 | 条形码 | 馆藏地/架位号 | 状态 | 备注 |
| 1 | 728006 | 207280066 | 自科库301/301自科库 36排4列3层/ [索取号:TN912.271/S396] | 在馆 | |
| 2 | 728007 | 207280075 | 自科库301/301自科库 36排4列3层/ [索取号:TN912.271/S396] | 在馆 |